• 首页
  • 本馆介绍
  • 公告通知
  • 最新文献
  • 馆藏检索
  • 电子资源
  • 读者导购
  • 参考咨询
  • 我的图书馆
  • 登录
  • 详细信息显示
  • 放入我的书架
  • 预约/预借图书
  • 作者相关作品
  • 分类相关作品
  • 丛书相关作品
  • 出版社相关作品

书目信息

  • 表格格式
  • 工作单格式
  • 卡片格式
题名:
围棋布局辞典
    
 
作者: 林海峰 著 ;陈宪辉 译
分册: 下册  
出版信息: 北京   中国青年出版社  1990.09
页数: 503页
开本: 21cm
丛书名:
单 册:
中图分类: G891.3
科图分类:
主题词: 文娱性体育活动
电子资源:
ISBN: 7-5006-0741-5
000 00598nam0 2200205 45
001 0409211537
005 20040922173805.8
010    @a7-5006-0741-5@dCNY24.00
100    @a20040921d1990 km y0chiy0120 ea
101 0  @achi
105    @a z 000yy
200 1  @a围棋布局辞典@h下册@AWei Qi Bu Ju Ci Dian@f林海峰著@FLin Hai Feng Zhu@g陈宪辉译
210    @a北京@c中国青年出版社@d1990.09
215    @a503页@d21cm
606 0  @a文娱性体育活动
690    @aG891.3@v3
701  0 @a林海峰@4著
702  0 @a陈宪辉@AChen Xian Hui@4译
801    @aCN@bPftUser@c20040921
905    @dG891.3@e118:1(2)@f1@b234288
    
    围棋布局辞典.下册/林海峰著/陈宪辉译.-北京:中国青年出版社,1990.09
    503页;21cm
    
    
    ISBN 7-5006-0741-5:CNY24.00
    
●
相关链接 在E读中查询图书 在五车中查询图书 在当当中查询图书 在豆瓣中查询图书


正题名:围棋布局辞典     索取号:G891.3/118:1(2)         预约/预借

序号 登录号 条形码 馆藏地/架位号 状态 备注
1 0234288   000305841   第一样本阅览室/ [索取号:G891.3/118:1(2)] 在馆    
2 0234289   000305967   工具书阅览室/ [索取号:G891.3/118:1(2)] 在馆    
唐山师范学院图书馆 欢迎您!
大连网信软件有限公司© 版权所有